MARC

LEADER 00000nam0a2200000 4500
001 359931
005 20250211063212.0
035 |a (RuTPU)RU\TPU\retro\17237 
035 |a RU\TPU\retro\17235 
090 |a 359931 
100 |a 20210209d1961 k y0rusy5003 ca 
101 0 |a rus 
102 |a RU 
105 |a y z 001zy 
200 1 |a Электромеханика и автоматика  |e [тематический сборник]  |f Московский энергетический институт ; под ред. А. Д. Степанов 
210 |a Москва  |c Изд-во МЭИ  |d 1961 
215 |a 188 с.  |c табл., ил. 
225 1 |a Труды Московского энергетического института (МЭИ)  |v Вып. 37 
320 |a Библиогр. в конце ст. 
500 1 0 |a Труды Московского энергетического института  |9 88841 
606 1 |a Автоматика  |2 stltpush  |3 (RuTPU)RU\TPU\subj\749  |9 29560 
606 1 |a Электромеханика  |2 stltpush  |3 (RuTPU)RU\TPU\subj\20251  |9 45364 
610 1 |a анизотропные пластины 
610 1 |a поверхностный эффект 
610 1 |a газотурбостроение 
610 1 |a генераторы 
610 1 |a дизель-электрические приводы 
610 1 |a тяговые двигатели 
610 1 |a дифференциальные уравнения 
610 1 |a автоматическое регулирование 
610 1 |a электропередачи 
610 1 |a тепловозы 
610 1 |a рекуперативные торможение 
610 1 |a электропоезда 
610 1 |a однофазно-трехфазные преобразователи 
610 1 |a магнитные усилители 
610 1 |a синхронные генераторы 
610 1 |a электромагнитные муфты 
610 1 |a дуговые печи 
610 1 |a баллистические параметры 
675 |a 621.3  |v 3 
675 |a 681.51  |v 3 
702 1 |a Степанов  |b А. Д.  |4 340 
712 0 2 |a Московский энергетический институт  |c (1930-1992)  |3 (RuTPU)RU\TPU\col\20092  |9 27693 
801 0 |a RU  |b 63413507  |c 19950704  |g psbo 
801 1 |a RU  |b 63413507  |c 20060118  |g PSBO 
801 2 |a RU  |b 63413507  |c 20220207  |g PSBO 
942 |c BK